[Event "Polugaevsky Memorial 2018"]
[Site "Samara"]
[Date "2018.07.16"]
[Round "7"]
[White "Sidorov, Anatoly"]
[Black "Iljushin, Alexei"]
[Result "1-0"]
[WhiteElo "2302"]
[BlackElo "2514"]
[Annotator "TA"]
[PlyCount "83"]
[EventDate "2018.07.10"]
[EventType "swiss"]
[EventCountry "RUS"]
[SourceTitle "playchess.com"]
[Source "ChessBase"]
[SourceQuality "1"]

{[%evp 21,83,-14,-12,-5,-17,-17,-16,-22,0,0,0,0,0,0,0,-11,47,55,52,43,57,56,77,7,2,1,40,50,44,-177,-156,-129,-137,-127,-135,-136,-84,-85,-71,-195,-119,-143,-135,-141,-141,-138,-120,-115,-121,-141,-124,-122,0,0,855,869,974,968,949,949,29981,29982,29982,29983]} 1. Nf3 d5 2. b3 c6 3. Bb2 Bf5 4. d3 e6 5. Nbd2 Nf6 6. a3 h6 7. g3 Be7 8. Bg2 O-O 9. O-O a5 10. c4 Nbd7 11. Qc2 Bh7 {LiveBook: 232 Games} 12. cxd5 {A12: English Opening: 1...c6 with b3 by White} (12. Bc3 b5 13. cxb5 cxb5 14. Qb2 Qb6 15. b4 axb4 16. axb4 Ra4 17. Rac1 Rfa8 18. Rc2 Ne8 19. e4 Ndf6 20. Ne5 Qb7 21. Re1 Rd8 {1-0 (34) Caruana,F (2804)-Giri,A (2782) Leuven 2016}) 12... cxd5 $146 ({Predecessor:} 12... exd5 13. Nd4 Qb6 14. Bh3 Bc5 15. Nf5 Bxf5 16. Bxf5 Bd4 17. Bxd4 Qxd4 18. Nf3 Qb6 19. d4 Rfe8 {½-½ (52) Jones,C (2244)-Matsenko,S (2453) Wheeling 2011}) 13. Rfc1 Bc5 14. Bd4 {The position is equal.} Bxd4 15. Nxd4 Qb6 16. Qc3 e5 17. N4f3 Rfe8 18. Bh3 e4 ({Better is} 18... g5 $11 19. Bxd7 Nxd7) 19. dxe4 $14 dxe4 20. Nc4 Qc5 21. Nd4 Qh5 22. Kg2 (22. Bxd7 $16 Nxd7 23. Nd6) 22... Nd5 $11 23. Qb2 N7f6 24. Nd6 Reb8 25. Bf5 $2 (25. e3 $14 {keeps the upper hand.}) 25... Ra6 $1 $19 {[%cal Ra6d6]} 26. Bxh7+ Kxh7 27. N6f5 g6 28. Nh4 {[#]} e3 (28... Nf4+ $142 $1 {[%mdl 512]} 29. Kh1 (29. gxf4 Qg4+) 29... Ng4) 29. f3 $17 Rd8 30. Kg1 {[#]} (30. Kh1 $17) 30... Qe5 ({Black should try} 30... Nf4 $1 $19 {[%mdl 512] aiming for ...Rxd4!} 31. Rc4 (31. gxf4 Qxh4) 31... Qg5) 31. f4 Nxf4 32. Nhf3 Nh3+ 33. Kg2 Qh5 {White must now prevent ...Ne4.} 34. Rc7 Kg8 35. Nc6 Rxc6 36. Rxc6 {[#]} Ng4 (36... Nf4+ $1 $17 37. gxf4 Ne4) 37. Rd1 $40 {[%cal Ba1d1,Bd1d5,Bd5e5][%mdl 160] White has some attack.} Re8 $2 {[%mdl 8192] [#]} ({Not} 37... Nf4+ $2 38. gxf4 Rf8 39. Rc3 $18) (37... Rf8 $11 38. Rc7 Nhf2) 38. Rcd6 $1 $18 Kh7 39. Rd8 Re5 {[#]} 40. R1d5 $1 {[%cal Rd5e5][%mdl 512]} Ng5 (40... Rxd5 41. Rh8#) 41. Rxe5 Qh3+ 42. Kg1 {Precision: White = 52%, Black = 49%.} 1-0

[Event "Polugaevsky Memorial 2018"]
[Site "Samara"]
[Date "2018.07.16"]
[Round "7"]
[White "Skatchkov, Valery"]
[Black "Shinkevich, Vitaly"]
[Result "1-0"]
[WhiteElo "2287"]
[BlackElo "2432"]
[Annotator "TA"]
[PlyCount "77"]
[EventDate "2018.07.10"]
[EventType "swiss"]
[EventCountry "RUS"]
[SourceTitle "playchess.com"]
[Source "ChessBase"]
[SourceQuality "1"]

{[%evp 32,77,0,0,0,0,0,0,0,0,50,52,45,31,26,27,126,96,203,203,180,201,200,64,58,0,195,194,196,193,161,162,158,154,218,212,152,153,131,113,29977,29980,29994,29994,29994,29995,29995,29996]} 1. d4 Nf6 2. c4 g6 3. Nc3 Bg7 4. Nf3 O-O 5. g3 d5 6. cxd5 Nxd5 7. Bg2 Nxc3 8. bxc3 c5 9. O-O Nc6 10. Rb1 cxd4 11. cxd4 Nxd4 12. Nxd4 Qxd4 13. Be3 {D75: Fianchetto Grünfeld: Main Line with 7...c5} Qc4 14. Bd5 Qa6 15. Qb3 Qxe2 16. Bc5 Be6 17. Bxe6 {LiveBook: 5 Games} Qxe6 18. Qxe6 fxe6 19. Rxb7 Rf5 20. Rc7 Be5 21. Rxe7 Bxg3 22. hxg3 {Black must now prevent Be3.} Rxc5 $14 {[%mdl 4096] [#] Endgame KRR-KRR} 23. Rb1 $146 Ra5 (23... Rg5 $11) 24. Rbb7 $16 Rxa2 (24... g5 $16) 25. Rg7+ $1 $18 (25. Rxh7 a5 $11) 25... Kh8 26. Rxh7+ Kg8 27. Rhg7+ (27. Rbg7+ $1 $18 Kf8 28. Rb7 (28. Rxg6 a5 $16)) 27... Kh8 $1 $14 28. Rh7+ (28. Kf1 $14) 28... Kg8 $18 29. Rbg7+ $1 Kf8 30. Rf7+ $1 ({Resist} 30. Rxg6 $6 a5 $14) 30... Kg8 31. Rhg7+ Kh8 32. Rxg6 {And now Rf4 would win.} Re8 (32... Ra6 $16 33. Kg2 Rd6) 33. Rf4 $1 {[%cal Rf4h4]} Kh7 34. Rg5 $1 {[%cal Rf4h4]} Kh6 35. Rfg4 $1 {Threatening mate with f4.} Rd8 $2 {[%mdl 8192]} (35... e5 $16) 36. Rg7 $1 {White mates.} Rh8 37. R7g6+ Kh7 {[#]} 38. R6g5 $1 {[%cal Rg5h5]} Kh6 {[#]} 39. f4 $1 {Precision: White = 75%, Black = 31%.} 1-0

[Event "Polugaevsky Memorial 2018"]
[Site "Samara"]
[Date "2018.07.16"]
[Round "7"]
[White "Dubinin, Alexander"]
[Black "Remizov, Yaroslav"]
[Result "1/2-1/2"]
[WhiteElo "2060"]
[BlackElo "2308"]
[Annotator "NA"]
[PlyCount "87"]
[EventDate "2018.07.10"]
[EventType "swiss"]
[EventCountry "RUS"]
[SourceTitle "playchess.com"]
[Source "ChessBase"]
[SourceQuality "1"]
[TimeControl "40/5400+30:1800+30"]

1. e4 {[%emt 0:02:56]} c5 {[%emt 0:00:00]} 2. Nf3 {[%emt 0:00:10]} Nc6 {[%emt 0:00:00]} 3. d4 {[%emt 0:00:09]} cxd4 {[%emt 0:00:00]} 4. Nxd4 {[%emt 0:00:12]} Nf6 {[%emt 0:00:00]} 5. Nc3 {[%emt 0:00:16]} e5 {[%emt 0:00:00]} 6. Ndb5 {[%emt 0:00:18]} d6 {[%emt 0:00:00]} 7. Bg5 {[%emt 0:01:18]} a6 {[%emt 0:00:11]} 8. Na3 {[%emt 0:00:42]} b5 {[%emt 0:00:08]} 9. Nd5 {[%emt 0:00:16]} Be7 {[%emt 0:00:04]} 10. Bxf6 {[%emt 0:00:08]} Bxf6 {[%emt 0:00:04]} 11. c4 {[%emt 0:00:23]} O-O {[%emt 0:06:50] B33: Sicilian: Pelikan and Sveshnikov Variations} (11... b4 12. Nc2 O-O 13. g3 Rb8 14. b3 Be6 15. h4 Rb7 16. Rc1 a5 17. Bh3 Bxd5 18. cxd5 Na7 19. Bf1 {1-0 (78) Morozevich,A (2665)-Dubov,D (2701) Moscow 2018}) 12. cxb5 {[%emt 0:15:34]} Nd4 {[%emt 0:00:04]} 13. b6 {[%emt 0:08:49] LiveBook: 12 Games} Bb7 {[%emt 0:00:46]} 14. Bc4 {[%emt 0:05:02]} Bg5 {[%emt 0:12:17]} 15. O-O {[%emt 0:02:06]} Kh8 {[%emt 0:03:32]} 16. Nc2 $146 {[%emt 0:09:18]} ({Predecessor:} 16. Qd3 Ne6 17. Rad1 g6 18. Nc7 Nxc7 19. bxc7 Qxc7 20. Qxd6 Qxd6 21. Rxd6 Bxe4 {½-½ (28) Pena Gomez,M (2467)-Bobras,P (2565) Bad Wiessee 2008}) 16... Rc8 {[%emt 0:17:41]} 17. Nc7 {[%emt 0:04:15]} Rxc7 {[%emt 0:07:59]} (17... Nxc2 {might work better.} 18. Qxc2 Qd7) 18. bxc7 {[%emt 0:02:00]} Qxc7 {[%emt 0:00:05]} 19. Nxd4 {[%emt 0:09:29]} Qxc4 {[%emt 0:08:36]} 20. Nf3 {[%emt 0:00:24]} Be7 {[%emt 0:00:57]} 21. Rc1 {[%emt 0:00:33]} Qe6 {[%emt 0:03:51]} 22. Nd2 {[%emt 0:10:08]} f5 {[%emt 0:14:35]} 23. Rc7 {[%emt 0:09:10]} Bxe4 {[%emt 0:03:17]} 24. Nxe4 {[%emt 0:00:09]} fxe4 {[%emt 0:00:01]} 25. Qa4 {[%emt 0:02:02]} d5 {[%emt 0:11:15]} 26. Qd7 {[%emt 0:00:25]} Qxd7 {[%emt 0:00:03]} 27. Rxd7 {[%emt 0:00:07]} Bc5 {[%emt 0:00:02]} 28. Rxd5 {[%emt 0:01:28]} Bd4 {[%emt 0:00:01]} 29. b3 $18 {[%emt 0:07:34]} h5 {[%emt 0:07:33]} 30. g3 {[%emt 0:00:17]} h4 {[%emt 0:00:42]} 31. Kg2 {[%emt 0:01:16]} Rf6 {[%emt 0:00:20]} 32. f4 {[%emt 0:05:33]} exf3+ {[%emt 0:00:09]} 33. Kh3 {[%emt 0:00:29]} hxg3 {[%emt 0:01:47]} 34. Kxg3 {[%emt 0:00:32]} f2 {[%emt 0:00:22]} 35. Rxd4 {[%emt 0:00:35]} exd4 {[%emt 0:00:22]} 36. Rxf2 {[%emt 0:00:02]} Rc6 {[%emt 0:00:43]} 37. Rd2 {[%emt 0:01:08]} Rc3+ {[%emt 0:00:02]} 38. Kf4 {[%emt 0:00:24]} Rh3 {[%emt 0:00:48]} 39. Kg4 {[%emt 0:01:15]} Rh6 {[%emt 0:00:03]} 40. h3 {[%emt 0:00:00]} Rg6+ {[%emt 0:00:00]} 41. Kf5 {[%emt 0:10:03]} Rh6 {[%emt 0:03:49]} 42. Rxd4 {[%emt 0:01:21]} Rxh3 {[%emt 0:00:07]} 43. Rd6 {[%emt 0:00:56]} a5 {[%emt 0:01:48]} 44. Ke4 1/2-1/2

[Event "Polugaevsky Memorial 2018"]
[Site "Samara"]
[Date "2018.07.17"]
[Round "8"]
[White "Frolyanov, Dmitry"]
[Black "Muromtsev, Arthur"]
[Result "1-0"]
[WhiteElo "2540"]
[BlackElo "2230"]
[Annotator "TA"]
[PlyCount "107"]
[EventDate "2018.07.10"]
[EventType "swiss"]
[EventCountry "RUS"]
[SourceTitle "playchess.com"]
[Source "ChessBase"]
[SourceQuality "1"]

{[%evp 24,107,6,5,7,21,27,7,47,-59,-70,-153,-145,-172,-173,-174,-100,-139,-122,-150,-141,-128,-97,-91,-96,-118,-122,-108,-72,-91,-68,-73,-72,-71,-76,-58,-50,-79,-61,-53,-8,-8,-8,-8,-10,-8,-8,-12,0,0,0,0,0,0,0,0,0,-16,0,0,8,8,8,8,8,8,8,8,406,406,406,399,384,360,392,392,389,381,6156,6133,6091,5595,5181,1143,5097,4736]} 1. e4 c6 2. d4 d5 3. e5 g6 4. f4 h5 5. Nf3 Nh6 6. Be3 Bg7 7. Nc3 Bg4 8. h3 Nf5 9. Bf2 {B15: Caro-Kann (Flohr-Variante)} Bxf3 10. Qxf3 h4 11. O-O-O (11. Bd3 e6 12. O-O Nd7 13. Ne2 a5 14. b3 Bf8 15. c4 Nb6 16. Rfc1 Be7 17. c5 Nd7 18. a3 Kf8 19. b4 axb4 20. axb4 Kg7 {½-½ (51) Onischuk,V (2613)-Megaranto,S (2535) Almaty 2016}) 11... e6 12. Bd3 Nd7 13. Kb1 {LiveBook: 4 Partien} Bf8 14. Ne2 b5 15. Ng1 $146 ({Vorgänger:} 15. Bxf5 gxf5 16. g4 hxg3 17. Nxg3 {1-0 (63) Atabayev,Y (2430)-Semiev,S (2316) Budapest 2014}) 15... Qb6 16. Be2 (16. Bxf5 $14 gxf5 17. Qe2) 16... c5 17. dxc5 (17. Bd3 $15) 17... Bxc5 $17 18. Bxc5 Nxc5 ({Auf keinen Fall} 18... Qxc5 19. Bd3 $15) 19. Bd3 Nxd3 ({Lieber} 19... Ng3 $19 20. Rh2 Nce4) 20. Qxd3 Ng3 21. Rh2 Rc8 22. Ne2 Nxe2 23. Qxe2 Rc4 24. Qd2 b4 25. Rhh1 {[%cal Bh2h1,Bh1f1,Bf1f4][%mdl 32]} a5 {[%cal Ba7a5,Ba5a4][%mdl 32]} 26. Rhf1 a4 27. b3 Rc5 28. f5 gxf5 29. Rf4 axb3 30. axb3 Rc3 31. Kb2 Kd7 {[#] ...Ta8 ist eine echte Drohung.} 32. Rxb4 $1 {[%mdl 512]} Qxb4 33. Qxc3 Qxc3+ 34. Kxc3 $11 {[%mdl 4096] Endspiel KT-KT} Rg8 35. Rd2 Rg3+ 36. Kd4 Kc6 37. c3 Kd7 38. Ra2 Kc6 39. Rc2 Kb6 40. c4 Rxb3 {zielt auf ...Tb4 ab.} 41. cxd5 exd5 42. Kxd5 Rd3+ 43. Kc4 Ra3 44. Kd4 Rg3 45. Rf2 Rg5 $2 {[%mdl 8192]} (45... Kc6 $11) 46. Ke3 $1 $18 {[%cal Re3f4]} Kc7 47. Kf4 Rg6 {[#]} 48. Rd2 $1 Rg3 49. Kxf5 Rg6 {[#]} 50. Re2 $1 {Droht e6 und aus.} Rg7 $2 (50... Ra6 51. Kg5 Ra4) 51. Kf6 {Weiß steht klar auf Gewinn.} Rh7 52. Rd2 Kc6 53. Rd4 (53. Rd8 $142 Rh5 54. Ra8) 53... Kc5 54. Rd7 {Precision: Weiß = 68%, Schwarz = 50%.} 1-0

[Event "Polugaevsky Memorial 2018"]
[Site "Samara"]
[Date "2018.07.17"]
[Round "8"]
[White "Gabrielian, Artur"]
[Black "Kulaev, Maxim"]
[Result "1-0"]
[WhiteElo "2518"]
[BlackElo "2075"]
[Annotator "TA"]
[PlyCount "101"]
[EventDate "2018.07.10"]
[EventType "swiss"]
[EventCountry "RUS"]
[SourceTitle "playchess.com"]
[Source "ChessBase"]
[SourceQuality "1"]

{[%evp 23,101,45,22,37,41,0,37,41,50,37,70,66,75,73,73,72,64,71,77,78,65,72,83,64,56,29,39,39,39,31,36,38,56,60,71,51,109,109,102,99,121,123,119,122,132,127,139,131,145,148,150,144,214,198,293,293,326,311,641,600,633,624,990,958,1008,1249,1283,1183,1175,1155,1977,1634,1980,2051,1549,1381,5277,5597,5114,5114]} 1. e4 c5 2. Nc3 e6 3. Nf3 a6 4. d4 cxd4 5. Nxd4 d6 6. Be2 Nf6 7. O-O Qc7 8. a4 b6 9. f4 Nbd7 10. Bf3 Bb7 11. Qe2 Be7 {B84: Sicilian Scheveningen: 6 Be2 a6, lines without early Be3} (11... Rc8 12. Be3 h5 13. Bf2 Ng4 14. Bxg4 hxg4 15. Qxg4 Nf6 16. Qe2 Qc4 17. Rfe1 Qxe2 18. Rxe2 Ng4 19. Nf3 Nxf2 20. Kxf2 {½-½ (65) Karjakin,S (2783)-Nepomniachtchi,I (2751) chess.com INT 2017}) 12. e5 dxe5 {LiveBook: 3 Games} 13. fxe5 Bc5 {White is slightly better.} 14. Be3 (14. Rd1 {with more complications.} Nd5 15. Nxd5 Bxd5 16. Bxd5 exd5 17. e6) 14... Nxe5 $146 {Threatens to win with ...Rd8.} (14... Qxe5 {keeps more tension.} 15. Bxb7 Rb8 16. Bxa6 Bxd4 17. Bxd4 Qxd4+ 18. Kh1 O-O) ({Predecessor:} 14... Qxe5 15. Bxb7 Ra7 16. Bxa6 Bxd4 17. Bxd4 Qxd4+ 18. Kh1 Qc5 19. Bd3 {0-1 (39) Kononenko,D (2449)-Kanep,M (2470) Alushta 2003}) 15. Bxb7 Qxb7 {[#]} 16. Nxe6 $1 {[%mdl 512]} Bxe3+ (16... fxe6 17. Bxc5) 17. Qxe3 fxe6 18. Qxe5 O-O 19. Qxe6+ Kh8 20. Rae1 b5 21. axb5 axb5 22. Qe7 Qb6+ 23. Qe3 Qc6 24. Qf3 Qc5+ 25. Qf2 Qb4 26. Nd1 $36 {[%cal Bc3d1,Bd1f2,Bf2d3][%mdl 2080] Black is under pressure.} Qd6 27. Qf5 Rab8 28. Nf2 Qd4 29. b3 Nd5 (29... Rbc8 $14) 30. Qd3 $16 Qxd3 31. Nxd3 Rxf1+ 32. Kxf1 {[%mdl 4096] Endgame KRN-KRN} Kg8 33. Re5 Nf6 34. Rc5 Kf8 35. Ke2 g6 36. Rc7 Re8+ 37. Kf3 Rb8 (37... Re7 $16 {was called for.} 38. Rc8+ Kf7) 38. Nc5 $18 Rb6 {[#]} (38... Ke8 {keeps fighting.} 39. g4 h5 40. gxh5 gxh5) 39. Rxh7 $1 {[%mdl 512]} Rc6 {[#]} (39... Nxh7 40. Nd7+) 40. Rc7 $1 {[%cal Rc7c6][%mdl 512]} Rxc7 $2 (40... Rb6 41. Nd3 Nd5) 41. Ne6+ {White is clearly winning.} Ke7 42. Nxc7 {KN-KN} b4 43. h4 {[%cal Bh2h4,Bh4h5][%mdl 32]} Kd6 44. Na6 Nd5 45. g4 Ke5 46. h5 g5 47. Nc5 Nf6 48. Nd3+ Kd4 49. Nxb4 Kc3 50. Nc6 Kxc2 51. b4 {Precision: White = 86%, Black = 26%.} 1-0

[Event "Polugaevsky Memorial 2018"]
[Site "Samara"]
[Date "2018.07.17"]
[Round "8"]
[White "Burmakin, Vladimir"]
[Black "Skatchkov, Valery"]
[Result "1-0"]
[WhiteElo "2490"]
[BlackElo "2287"]
[Annotator "TA"]
[PlyCount "81"]
[EventDate "2018.07.10"]
[EventType "swiss"]
[EventCountry "RUS"]
[SourceTitle "playchess.com"]
[Source "ChessBase"]
[SourceQuality "1"]

{[%evp 15,81,-8,22,-2,13,11,11,13,8,7,9,8,26,13,5,4,10,2,14,0,50,39,110,100,103,106,118,117,109,85,125,119,124,122,158,138,157,148,152,141,217,187,199,180,192,150,159,142,248,237,221,239,263,206,356,367,438,431,426,262,539,454,471,385,798,522,445,366]} 1. d4 Nf6 2. c4 e6 3. Nf3 b6 4. Bf4 Bb7 5. e3 Bb4+ 6. Nfd2 O-O 7. a3 Be7 8. Nc3 d6 {LiveBook: 12 Games. E12: Queen's Indian: Unusual White 4th moves, 4 a3, 4 Nc3 Bb7 5 a3 and 4 Nc3 Bb7} (8... c5 9. dxc5 bxc5 10. Nf3 d6 11. Be2 Qb6 12. O-O Nbd7 13. Rb1 Ne4 14. Qc2 Nxc3 15. Qxc3 Be4 16. Bd3 Bxd3 17. Qxd3 {0-1 (34) Gelfand,B (2743)-Wojtaszek,R (2744) Beijing 2014}) 9. Nf3 $146 ({Predecessor:} 9. Bd3 e5 10. Bg5 exd4 11. exd4 c5 12. Nf3 Nbd7 13. dxc5 dxc5 14. Qc2 Bxf3 15. gxf3 Ne5 16. O-O-O Nxd3+ 17. Rxd3 {½-½ (70) Romanov,E (2642)-Shaposhnikov,E (2545) Kolomna 2016}) 9... Ne4 10. Nxe4 Bxe4 {The position is equal.} 11. Bd3 Bxd3 12. Qxd3 Nd7 13. O-O Bf6 (13... g5 $5) 14. Rad1 Re8 15. Qc2 Qe7 16. Bg3 e5 17. Qa4 e4 18. Nd2 Bg5 {[#]} ({Better is} 18... Nf8 $14) 19. Nxe4 $1 $16 {[%mdl 512]} Qxe4 20. Qxd7 Re7 21. Qb5 h6 22. c5 Qd5 23. b4 h5 24. h3 Rae8 25. Qe2 {And now cxd6 would win.} g6 26. cxd6 cxd6 27. Qf3 Re4 (27... Qxf3 $16 28. gxf3 d5) 28. Rc1 {[%cal Bd1c1,Bc1c7,Bc7a7][%mdl 32]} R8e6 29. Qd1 Kg7 30. Rc7 h4 31. Bh2 Rf6 (31... Re7 $16 32. Qc2 R4e6) 32. Rxa7 $18 Qc4 {and the idea ...Rxe3 leaves Black hopeful.} 33. Re1 {[%cal Bf1e1,Be1e2,Be2c2,Bc2c7][%mdl 32]} Qc3 34. Re2 Rfe6 (34... Re8 $142 35. e4 Bf4) 35. Kh1 {[#] Strongly threatening Rc2.} Qc4 36. Rc2 Qd5 37. Bg1 Rf6 $2 (37... Re7) 38. Rcc7 Bh6 39. Qd3 Re5 $2 (39... Re8 40. a4 Ra8 41. Rxa8 Qxa8) 40. Qc4 Qxc4 41. Rxc4 {Precision: White = 63%, Black = 35%.} 1-0

[Event "Polugaevsky Memorial 2018"]
[Site "Samara"]
[Date "2018.07.17"]
[Round "8"]
[White "Gaifullin, Artur"]
[Black "Postnikov, Daniil"]
[Result "1-0"]
[WhiteElo "2448"]
[BlackElo "2370"]
[Annotator "RC"]
[PlyCount "95"]
[EventDate "2018.07.10"]
[EventType "swiss"]
[EventCountry "RUS"]
[SourceTitle "playchess.com"]
[Source "ChessBase"]
[SourceQuality "1"]
[TimeControl "40/5400+30:1800+30"]

1. d4 {[%emt 0:00:00]} Nf6 {[%emt 0:00:00]} 2. c4 {[%emt 0:00:00]} g6 {[%emt 0:00:00]} 3. Nc3 {[%emt 0:00:00]} d5 {[%emt 0:00:00]} 4. Nf3 {[%emt 0:00:00]} Bg7 {[%emt 0:00:03]} 5. h4 {[%emt 0:00:00]} c6 {[%emt 0:05:07]} 6. Bg5 {[%emt 0:00:00]} O-O {[%emt 0:01:15]} 7. e3 {[%emt 0:00:12]} Ne4 {[%emt 0:06:56]} 8. Qb3 {[%emt 0:02:10]} Nxg5 {[%emt 0:03:31]} 9. hxg5 {[%emt 0:00:14]} Be6 {[%emt 0:08:52]} 10. Qxb7 {[%emt 0:13:02]} dxc4 {[%emt 0:00:13]} 11. Qxa8 {[%emt 0:12:50]} Qb6 {[%emt 0:06:55]} 12. Na4 {[%emt 0:01:45]} Qb4+ {[%emt 0:01:47]} 13. Nd2 {[%emt 0:00:04]} Qxa4 {[%emt 0:00:06]} 14. Qb7 {[%emt 0:00:12]} Nd7 {[%emt 0:04:06]} 15. Bxc4 {[%emt 0:06:02]} Bxc4 {[%emt 0:01:52]} 16. Qxd7 {[%emt 0:02:13]} Ba6 {[%emt 0:00:31]} 17. Qxe7 {[%emt 0:19:01]} c5 {[%emt 0:12:33]} 18. Qxc5 {[%emt 0:14:48]} Rc8 {[%emt 0:00:08]} 19. b3 {[%emt 0:00:05]} Qd7 {[%emt 0:01:09]} 20. Qa5 {[%emt 0:00:05]} Bd3 21. Nc4 {[%emt 0:08:58]} Qg4 {[%emt 0:20:09]} 22. Qd2 {[%emt 0:00:06]} Qxg2 {[%emt 0:02:41]} 23. O-O-O {[%emt 0:01:29]} Bxc4 {[%emt 0:01:45]} 24. bxc4 {[%emt 0:00:01]} Rxc4+ {[%emt 0:01:27]} 25. Kb1 {[%emt 0:00:01]} Qxg5 {[%emt 0:00:48]} 26. Rc1 {[%emt 0:00:47]} Qb5+ {[%emt 0:00:49]} 27. Ka1 {[%emt 0:00:06]} h5 {[%emt 0:00:10]} 28. Rxc4 {[%emt 0:07:04]} Qxc4 {[%emt 0:00:02]} 29. f4 {[%emt 0:00:11]} Qd5 {[%emt 0:00:31]} 30. Rh2 {[%emt 0:00:08]} Qe4 {[%emt 0:00:18]} 31. Kb2 {[%emt 0:01:47]} Bf6 {[%emt 0:00:42]} 32. Kc1 {[%emt 0:02:17]} Be7 {[%emt 0:00:44]} 33. Kd1 {[%emt 0:02:06]} Qb1+ {[%emt 0:02:36]} 34. Qc1 {[%emt 0:00:06]} Qd3+ {[%emt 0:00:40]} 35. Ke1 {[%emt 0:00:04]} Bb4+ {[%emt 0:00:20]} 36. Kf2 {[%emt 0:00:04]} Bd2 {[%emt 0:00:20]} 37. Qc8+ {[%emt 0:00:03]} Kg7 {[%emt 0:00:10]} 38. Qh3 {[%emt 0:03:24]} Qb1 {[%emt 0:04:17]} 39. Kf3 {[%emt 0:03:00]} Qxa2 {[%emt 0:03:38]} 40. Qg2 {[%emt 0:00:00]} Qd5+ {[%emt 0:00:00]} 41. Ke2 {[%emt 0:02:23]} Qa5 {[%emt 0:00:12]} 42. Qe4 {[%emt 0:14:09]} Kf8 {[%emt 0:12:20]} 43. Kf3 {[%emt 0:03:20]} Bc3 {[%emt 0:05:00]} 44. f5 {[%emt 0:03:51]} Qa6 {[%emt 0:02:31]} 45. fxg6 {[%emt 0:02:41]} Qf6+ {[%emt 0:11:48]} 46. Qf4 {[%emt 0:00:08]} Qc6+ {[%emt 0:00:08]} 47. Kf2 {[%emt 0:00:28]} Qxg6 {[%emt 0:00:33]} 48. Qb8+ {[%emt 0:00:04]} 1-0

[Event "Polugaevsky Memorial 2018"]
[Site "Samara"]
[Date "2018.07.17"]
[Round "8"]
[White "Drygalov, Andrey"]
[Black "Shaposhnikov, Evgeny"]
[Result "1/2-1/2"]
[WhiteElo "2439"]
[BlackElo "2572"]
[Annotator "TA"]
[PlyCount "30"]
[EventDate "2018.07.10"]
[EventType "swiss"]
[EventCountry "RUS"]
[SourceTitle "playchess.com"]
[Source "ChessBase"]
[SourceQuality "1"]

{[%evp 28,30,35,0,1035]} 1. e4 e5 2. Nf3 Nc6 3. Bb5 {[%cal Bf1b5,Bb5a4,Ba4b3][%mdl 32]} a6 4. Ba4 Nf6 5. O-O Be7 6. Re1 b5 7. Bb3 d6 8. c3 O-O 9. h3 Bb7 10. d4 Re8 11. Ng5 $146 Rf8 12. Nf3 Re8 13. Ng5 Rf8 14. Nf3 Re8 15. Ng5 {LiveBook: 2469 Games. C92: Closed Ruy Lopez: 9...Be6, Karpov and Flohr-Zaitsev Variations} Nb8 $2 {[%mdl 40960] An unexpected result.} (15... Rf8 $11) 1/2-1/2

[Event "Polugaevsky Memorial 2018"]
[Site "Samara"]
[Date "2018.07.17"]
[Round "8"]
[White "Shinkevich Vitaly"]
[Black "Sidorov, Anatoly"]
[Result "1-0"]
[WhiteElo "2432"]
[BlackElo "2302"]
[Annotator "TA"]
[PlyCount "87"]
[EventDate "2018.07.10"]
[EventType "swiss"]
[EventCountry "RUS"]
[SourceTitle "playchess.com"]
[Source "ChessBase"]
[SourceQuality "1"]

{[%evp 17,87,51,53,18,42,20,55,44,90,86,85,102,95,100,118,125,118,122,141,103,108,98,111,110,112,109,109,81,106,90,136,143,153,135,141,118,606,606,591,591,591,591,591,591,643,636,627,591,784,782,850,824,776,745,740,737,727,711,718,465,714,712,1326,1323,1483,1473,1562,1541,5731,5287,6279,6279]} 1. d4 Nf6 2. Nf3 e6 3. c4 b6 4. a3 d5 5. cxd5 exd5 6. Nc3 Bb7 7. g3 a6 {E12: Queen's Indian: Unusual White 4th moves, 4 a3, 4 Nc3 Bb7 5 a3 and 4 Nc3 Bb7} 8. Bg2 Bd6 9. O-O O-O {LiveBook: 11 Games. White is slightly better.} 10. Bf4 Re8 11. Rc1 Nbd7 $146 ({Predecessor:} 11... Qe7 12. Bg5 Nbd7 13. Bh3 Qf8 14. Nh4 {½-½ (27) Schlosser,P (2555)-Cioara,A (2415) Germany 2009}) 12. e3 Rc8 {[#]} 13. Bxd6 $1 cxd6 14. Qb3 b5 15. a4 Bc6 16. axb5 axb5 17. Nd2 Ne4 18. Ndxe4 dxe4 19. Bh3 Rb8 {[#]} 20. Na2 $1 Ba8 21. Nb4 Nf6 22. Rc2 Qb6 23. Rfc1 Rf8 24. Nc6 Bxc6 25. Rxc6 Qd8 26. Qb4 d5 $2 {[%mdl 8192]} (26... Ne8 $16 27. Bf5 Qe7) 27. Rc8 $18 {White is clearly winning.} Rxc8 28. Rxc8 Qxc8 29. Bxc8 Rxc8 30. Qxb5 {[%mdl 4096] Endgame KQ-KRN} h5 31. h3 Kf8 32. b4 {[%cal Bb2b4,Bb4b5][%mdl 32]} Rc1+ 33. Kg2 Ke7 34. Qb7+ Ke6 35. b5 Ne8 36. Qb8 Nd6 37. Qh8 g6 38. Qe5+ Kd7 39. Qxd5 Rb1 40. Qc6+ Ke6 41. b6 Rb3 42. g4 hxg4 43. hxg4 g5 44. Qc5 {Precision: White = 86%, Black = 24%.} 1-0